000 00331nam a2200157Ia 4500
008 210210b xxu||||| |||| 00| 0 eng d
041 _aeng
082 _a920/76
100 _aBARSKI (Jalowiecki)
245 _aFree poland
260 _aBombay
_b-
_c
650 _apoland
650 _aFree
690 _aHistory
906 _a024818
999 _c150438
_d150438